[Event "Montreal Ahuntsic op"]
[Site "Montreal"]
[Date "2008.11.29"]
[Round "2"]
[White "Barbeau, Sylvain"]
[Black "Arseneault, Marc"]
[Result "1-0"]
[WhiteElo "2378"]
[BlackElo "1903"]
[PlyCount "37"]
[EventDate "2008.11.29"]
[EventType "swiss (rapid)"]
[EventRounds "5"]
[EventCountry "CAN"]
[SourceTitle "EXT 2011"]
[Source "ChessBase"]
[SourceDate "2010.11.26"]
[SourceVersion "1"]
[SourceVersionDate "2010.11.26"]
[SourceQuality "1"]

1. e4 c5 2. Nf3 Nc6 3. Bb5 a6 4. Bxc6 bxc6 5. d3 d6 6. 0-0 Nf6 7. e5 dxe5 8. Nxe5 Qd5 9. Re1 Bb7 10. Nc3 Qd8 11. Be3 e6 12. Na4 Qa5 13. b3 Nd5 14. Qf3 Qc7 15. Bxc5 Bxc5 16. Nxc5 0-0 17. Ncd7 Rfd8 18. Qxf7+ Kh8 19. Qxe6 1-0

[Event "Montreal Mercredi 11"]
[Site "Montreal"]
[Date "2008.11.26"]
[Round "2"]
[White "Arseneault, Marc"]
[Black "Lalonde, Paul"]
[Result "1-0"]
[WhiteElo "1903"]
[BlackElo "1915"]
[PlyCount "107"]
[EventDate "2008.11.19"]
[EventType "tourn"]
[EventRounds "5"]
[EventCountry "CAN"]
[SourceTitle "EXT 2011"]
[Source "ChessBase"]
[SourceDate "2010.11.26"]
[SourceVersion "1"]
[SourceVersionDate "2010.11.26"]
[SourceQuality "1"]

1. d4 Nf6 2. Nf3 d6 3. c4 Bf5 4. Nc3 h6 5. e3 Nbd7 6. Be2 e5 7. dxe5 dxe5 8. 0-0 Bc5 9. Nd5 c6 10. Nxf6+ Qxf6 11. Nd2 Qg6 12. Bh5 Qd6 13. e4 Be6 14. a3 Nf6 15. b4 Bd4 16. Rb1 Rd8 17. Qe2 0-0 18. Rb3 b5 19. c5 Qd7 20. Rg3 Bc4 21. Nxc4 bxc4 22. Bxh6 Ne8 23. Qxc4 Kh7 24. Bg5 Rb8 25. Rh3 Kg8 26. Bg6 Nf6 27. Bxf6 gxf6 28. Bf5 Qc7 29. Qb3 Rfd8 30. Qg3+ Kf8 31. Rh6 a5 32. Rxf6 axb4 33. axb4 Rxb4 34. Be6 Rd7 35. Bxd7 Qxd7 36. h4 Bxc5 37. Qxe5 Bd4 38. Qd6+ Qxd6 39. Rxd6 c5 40. g4 Ke7 41. Rd5 Bf6 42. g5 Bg7 43. Rxc5 Rxe4 44. Kg2 Rxh4 45. Kg3 Rb4 46. f4 Bd4 47. Rc7+ Kf8 48. Kg4 Kg7 49. Re1 Bb6 50. Rb7 Bc5 51. Rxb4 Bxb4 52. Rb1 Bc3 53. f5 Be5 54. f6+ 1-0

[Event "Lanaudiere"]
[Site "Repentigny"]
[Date "2008.08.16"]
[Round "4"]
[White "Arseneault, Marc"]
[Black "Giroux, Robert"]
[Result "1-0"]
[WhiteElo "1809"]
[BlackElo "1930"]
[PlyCount "147"]
[EventDate "2008.08.15"]
[EventType "swiss"]
[EventRounds "5"]
[EventCountry "CAN"]
[SourceTitle "EXT 2011"]
[Source "ChessBase"]
[SourceDate "2010.11.26"]
[SourceVersion "1"]
[SourceVersionDate "2010.11.26"]
[SourceQuality "1"]

1. c4 c5 2. Nf3 g6 3. Nc3 Bg7 4. e3 Nf6 5. d4 cxd4 6. exd4 d5 7. Be2 dxc4 8. 0-0 0-0 9. h3 Nc6 10. Bxc4 Na5 11. Be2 Be6 12. Bf4 Nd5 13. Bh2 Nxc3 14. bxc3 Rc8 15. Qd2 Nc4 16. Bxc4 Bxc4 17. Rfe1 e6 18. Qb2 Qd5 19. Ne5 Rfd8 20. a4 Ba6 21. Re3 f6 22. Nd3 Bxd3 23. Rxd3 Rc4 24. Re3 Bh6 25. f4 e5 26. dxe5 Rxf4 27. Bxf4 Bxf4 28. Rf3 Qc5+ 29. Qf2 Qxf2+ 30. Kxf2 Bxe5 31. Rb1 b6 32. Ke2 Rc8 33. Kd2 Kf7 34. Rb5 Ke6 35. a5 Rc6 36. axb6 axb6 37. Rd3 Bd6 38. g4 Bc5 39. Rb1 f5 40. gxf5+ Kxf5 41. Rd7 h5 42. Rf1+ Kg5 43. Rd3 Rc8 44. Re1 Rc6 45. Re2 h4 46. Rd5+ Kh6 47. Rg2 Re6 48. Rg4 Bf2 49. c4 Be3+ 50. Kd3 Bf2 51. Re4 Rf6 52. Ke2 Bg3 53. Rg4 Rf2+ 54. Ke3 Rf6 55. Rd8 Kg7 56. Ke4 Kf7 57. Kd5 Ke7 58. Rh8 Rd6+ 59. Ke4 Re6+ 60. Kf3 Rf6+ 61. Ke3 Re6+ 62. Re4 Bf2+ 63. Kf3 Rxe4 64. Kxe4 Kf7 65. Kd5 g5 66. Ke5 Kg7 67. Rc8 Kg6 68. Rc6+ Kh5 69. Kf5 Bd4 70. Rg6 Be3 71. Rg8 Kh6 72. Rh8+ Kg7 73. Rh5 Kf7 74. Rxg5 1-0

[Event "Laval op 21st"]
[Site "Laval"]
[Date "2004.04.17"]
[Round "3"]
[White "Arseneault, Marc"]
[Black "Thibault, Jean"]
[Result "1-0"]
[WhiteElo "1433"]
[BlackElo "1332"]
[PlyCount "85"]
[EventDate "2004.??.??"]
[EventType "swiss"]
[EventRounds "5"]
[EventCountry "CAN"]
[SourceTitle "EXT 2005"]
[Source "ChessBase"]
[SourceDate "2004.11.15"]
[SourceVersion "1"]
[SourceVersionDate "2004.11.15"]
[SourceQuality "1"]

1. d4 f5 2. c4 Nf6 3. Nc3 e6 4. Nf3 d5 5. Bf4 c6 6. e3 Bd6 7. Bxd6 Qxd6 8. cxd5 exd5 9. Bd3 0-0 10. Qc2 Ne4 11. Ne5 Qh6 12. 0-0-0 Be6 13. Qe2 Nd7 14. f4 a6 15. Rdg1 Nxe5 16. dxe5 c5 17. Bxe4 dxe4 18. h3 Rad8 19. Rd1 Qh4 20. Na4 Bxa2 21. b4 cxb4 22. Qxa2+ Kh8 23. Rd6 Qe7 24. Rhd1 Rc8+ 25. Kd2 Qh4 26. Ke2 Qg3 27. Rg1 b5 28. Nb6 Rc3 29. Qd2 g5 30. Nd7 Rfc8 31. Nf6 Rc2 32. Rd8+ Kg7 33. Nh5+ Kf7 34. Nxg3 Rxd2+ 35. Rxd2 gxf4 36. exf4 Ke6 37. Rd6+ Kf7 38. Rxa6 b3 39. Rb1 Rc2+ 40. Kf1 b2 41. Ne2 b4 42. Ra2 e3 43. Raxb2 1-0